Predzmluvné vzťahy podľa zákonníka práce
Predzmluvné vzťahy podľa Zákonníka práce. Poukázanie na povinnosti zamestnávateľa a uchádzača o zamestnanie pred vznikom pracovného pomeru. Predpoklady výkonu práce vo verejnom záujme. Vstupné lekárske prehliadky zamestnancov. Ochrana osobných údajov. Povinnosť zamestnávateľa dodržiavať zásadu rovna...
Saved in:
| Main Author: | |
|---|---|
| Format: | Book Chapter |
| Language: | Slovak |
| Subjects: | |
| Tags: |
No Tags, Be the first to tag this record!
|
MARC
| LEADER | 00000naa a2200000 4500 | ||
|---|---|---|---|
| 001 | 0303540 | ||
| 005 | 20240812090507.8 | ||
| 041 | 0 | |a slo | |
| 044 | |a SK | ||
| 245 | 1 | 0 | |a Predzmluvné vzťahy podľa zákonníka práce |c Anton Ukropec |
| 520 | |a Predzmluvné vzťahy podľa Zákonníka práce. Poukázanie na povinnosti zamestnávateľa a uchádzača o zamestnanie pred vznikom pracovného pomeru. Predpoklady výkonu práce vo verejnom záujme. Vstupné lekárske prehliadky zamestnancov. Ochrana osobných údajov. Povinnosť zamestnávateľa dodržiavať zásadu rovnakého zaobchádzania pri prístupe k zamestnaniu. | ||
| 610 | 2 | 0 | |a zákonník práce |
| 610 | 2 | 0 | |a zamestnanci |
| 610 | 2 | 0 | |a zamestnávatelia |
| 610 | 2 | 0 | |a zmluvy pracovné |
| 610 | 2 | 0 | |a právo |
| 100 | 1 | |a Ukropec, Anton | |